Instrumentacion Industrial./ (Registro nro. 7908)
[ vista simple ]
| 000 -LEADER | |
|---|---|
| fixed length control field | 01178nam a2200217Ia 4500 |
| 005 - FECHA Y HORA DE LA ÚLTIMA TRANSACCIÓN | |
| control field | 20241121111612.0 |
| 008 - FIXED-LENGTH DATA ELEMENTS--GENERAL INFORMATION | |
| fixed length control field | 230420s9999 xx 000 0 und d |
| 020 ## - INTERNATIONAL STANDARD BOOK NUMBER | |
| International Standard Book Number | 968180502x |
| 040 ## - CATALOGING SOURCE | |
| Original cataloging agency | UPAN |
| Transcribing agency | Biblioteca San Vicente |
| Description conventions | RCAA2 |
| 041 ## - LANGUAGE CODE | |
| Language code of text/sound track or separate title | spa |
| 082 ## - DEWEY DECIMAL CLASSIFICATION NUMBER | |
| Classification number | 338 |
| Item number | S657i |
| año de publicación | 1988 |
| 100 ## - MAIN ENTRY--PERSONAL NAME | |
| Personal name | Soisson, Harold E |
| Relator code | aut. |
| 245 #0 - TITLE STATEMENT | |
| Title | Instrumentacion Industrial./ |
| Remainder of title | Harold E. Soisson |
| 250 ## - EDITION STATEMENT | |
| Edition statement | 1° ed., 2° reimp. |
| 260 ## - PUBLICATION, DISTRIBUTION, ETC. (IMPRINT) | |
| Place of publication, distribution, etc | Mexico: |
| Name of publisher, distributor, etc | Limusa, |
| Date of publication, distribution, etc | 1988 |
| 300 ## - PHYSICAL DESCRIPTION | |
| Extent | 550 p.: |
| Dimensions | 23 cm. |
| 505 ## - FORMATTED CONTENTS NOTE | |
| Formatted contents note | Capitulo 1. El uso de los instrumentos en la industria<br/>Capitulo 2. Estàndares y calibraciòn de instrumentos<br/>Capitulo 3. Presiòn y vacìo<br/>Capitulo 4. Termòmetros<br/>Capitulo 5. Pirometrìa<br/>Capitulo 6. Instrumentaciòn de niveles lìquidos y secos<br/>Capitulo 7. Instrumentaciòn y mediciòn de flujo<br/>Capitulo 8. Mediciòn automàtica, conceptos y control de sistemas<br/>Capitulo 9. Instrumentaciòn analìtica industrial<br/>Capitulo 10. Mediciòn e instrumetaciòn de radiaciòn <br/>Capitulo 11. Equipo para pruebas no destructivas<br/>Capitulo 12. Mediciones ambientales y de contaminaciòn |
| 650 ## - SUBJECT ADDED ENTRY--TOPICAL TERM | |
| Source of heading or term | LEMB |
| Topical term or geographic name as entry element | Industria |
| 700 ## - ADDED ENTRY--PERSONAL NAME | |
| Relator code | Soisson E. Harold |
| Personal name | aut. |
| 942 ## - ADDED ENTRY ELEMENTS (KOHA) | |
| Koha item type | Libros |
| Source of classification or shelving scheme | Dewey Decimal Classification |
| Withdrawn status | Lost status | Source of classification or shelving scheme | Damaged status | Not for loan | Collection code | Home library | Current library | Date acquired | Total Checkouts | Full call number | Barcode | Date last seen | Price effective from | Koha item type |
|---|---|---|---|---|---|---|---|---|---|---|---|---|---|---|
| Dewey Decimal Classification | Colección General | Biblioteca UPAN San Vicente | Biblioteca UPAN San Vicente | 20/04/2023 | 338 S657i | 12000439 | 20/04/2023 | 20/04/2023 | Libros |